Rugby - XV de l'Ecosse pour le tournoi des 6 nations - Statistiques

Statistiques générales
  • Ce quiz a été pris 53 fois
  • Le résultat moyen est 9 sur 15
Statistiques - réponses
Poste Joueurs % Correct
Demi d’ouverture Russell
98%
Ailier Van der Merwe
93%
Arrière Kinghorn
82%
Centre Jones
75%
2ème ligne Gray
66%
Demi de mêlée White
64%
3ème ligne aile Ritchie
61%
Pilier Droit Fagerson
59%
Pilier Gauche Schoeman
59%
3ème ligne aile Darge
50%
Talonneur Cherry
48%
3ème ligne centre Dempsey
39%
2ème ligne Gilchrist
39%
Centre Jordan
34%
Ailier Rowe
20%
Aucun quiz correspondant
Distribution des résultats
% des personnes avec chaque résultat
Percentile par nombre de réponses
Votre historique - résultats
Vous n’avez pas pris ce quiz